| 000 | 00625nam a2200229Ia 4500 | ||
|---|---|---|---|
| 003 | OSt | ||
| 005 | 20220928122040.0 | ||
| 006 | a|||||r|||| 00| 0 | ||
| 007 | ta | ||
| 008 | 220927b |||||||| |||| 00| 0 eng d | ||
| 024 | _a75905 | ||
| 037 | _cTextual | ||
| 040 |
_aSDCL _cSDCL _beng |
||
| 041 |
_2eng _aeng |
||
| 082 | _aU6425 .2N5, N2 | ||
| 100 |
_aBanga Indu Ed. _9443779 |
||
| 245 | 0 | _aPorts and their hinterlands in India ,1700 -1952 . | |
| 260 |
_aNew Delhi _bManohar _c1992 |
||
| 300 |
_axiv ,385p _ccm. |
||
| 942 |
_hU6425 .2N5, N2 _cTEXL _2CC |
||
| 999 |
_c769288 _d769288 |
||